Normal view
MARC view
- تأليف بني حمدان، خالد محمد، م.مشارك احلام ابراهيم العيثاوي
Entry Personal Name
001 - CONTROL NUMBER
- control field: 59635
003 - CONTROL NUMBER IDENTIFIER
- control field: JO-AjAnu
005 - DATE AND TIME OF LATEST TRANSACTION
- control field: 20230606083742.0
008 - FIXED-LENGTH DATA ELEMENTS
- fixed length control field: 230606|| aca||aabn | a|a d
040 ## - CATALOGING SOURCE
- Original cataloging agency: JO-AjAnu
- Transcribing agency: JO-AjAnu
100 ## - HEADING--PERSONAL NAME
- Personal name: تأليف بني حمدان، خالد محمد، م.مشارك احلام ابراهيم العيثاوي
670 ## - SOURCE DATA FOUND
- Source citation: Work cat.: (JO-AjAnu)30414: تأليف بني حمدان، خالد محمد، م.مشارك احلام ابراهيم العيثاوي, author, ادارة الموارد البشرية الحديثة-نظريا وتطبيقيا-